The building economist

Bibliographic Details
Corporate Author: Australian Institute of Quantity Surveyors
Format: Book
Published: Australia : The Australian Institute of Quantity Surveyor , 1980-1981
Subjects:

MARC

LEADER 00000cam a2200000 7i4500
001 0000018913
005 20081115.0
022 0 |a 0007-3431 
040 |a INS 
090 0 0 |a TH435   |b B45 
245 0 4 |a The building economist 
260 |a Australia :   |b The Australian Institute of Quantity Surveyor ,   |c 1980-1981 
300 |a 1 v.(Various pagings) :   |b ill. col. ;   |c 30 cm. 
650 0 0 |a Building   |x Estimates 
710 1 |a Australian Institute of Quantity Surveyors 
999 |a SER0000172   |b BOOK   |c Open Shelf   |e Default branch 
999 |a SER0000173   |b BOOK   |c Open Shelf   |e Default branch 
999 |a SER0000174   |b BOOK   |c Open Shelf   |e Default branch 
999 |a SER0000175   |b BOOK   |c Open Shelf   |e Default branch 
999 |a SER0000176   |b BOOK   |c Open Shelf   |e Default branch 
999 |a SER0000177   |b BOOK   |c Open Shelf   |e Default branch 
999 |a SER0001563   |b BOOK   |c Open Shelf   |e Default branch 
999 |a SER0001583   |b BOOK   |c Open Shelf   |e Default branch 
999 |a SER0001584   |b BOOK   |c Open Shelf   |e Default branch 
999 |a SER0001585   |b BOOK   |c Open Shelf   |e Default branch 
999 |a SER0001586   |b BOOK   |c Open Shelf   |e Default branch 
999 |a SER0001587   |b BOOK   |c Open Shelf   |e Default branch 
999 |a SER0001588   |b BOOK   |c Open Shelf   |e Default branch 
999 |a SER0001589   |b BOOK   |c Open Shelf   |e Default branch 
999 |a SER0001590   |b BOOK   |c Open Shelf   |e Default branch 
999 |a SER0001591   |b BOOK   |c Open Shelf   |e Default branch 
999 |a SER0002621   |b BOOK   |c Open Shelf   |e Default branch 
999 |a SER0004828   |b BOOK   |c Open Shelf   |e Default branch 
999 |a SER0004829   |b BOOK   |c Open Shelf   |e Default branch 
999 |a SER0004830   |b BOOK   |c Open Shelf   |e Default branch 
999 |a SER0004831   |b BOOK   |c Open Shelf   |e Default branch 
999 |a SER0005812   |b BOOK   |c Open Shelf   |e Default branch 
999 |a SER0005813   |b BOOK   |c Open Shelf   |e Default branch 
999 |a SER0005814   |b BOOK   |c Open Shelf   |e Default branch 
999 |a SER0005815   |b BOOK   |c Open Shelf   |e Default branch